| 000 | 00783nam a2200253 a 4500 | ||
|---|---|---|---|
| 001 | 69397 | ||
| 003 | BD-RjUL | ||
| 005 | 20211209081900.0 | ||
| 008 | 170411r19611955enka|||| b||| 001 0 eng d | ||
| 035 | _a(BD-RjUL)69608 | ||
| 040 |
_aBD-RjUL _beng _cBD-RjUL |
||
| 041 | _aeng | ||
| 082 |
_223 _a571.86 _bHAD 1961 |
||
| 100 |
_aHadorn, Ernst. _9205584 |
||
| 245 |
_aDevelopmental genetics and lethal factors / _cErnst Hadorn [and] translated by Ursula Mittwoch. |
||
| 260 |
_aLondon : _bMethuen & Co., _cc1961 |
||
| 300 |
_axviii, 355 p. : _bill. ; _c26 cm. |
||
| 504 | _aIncludes bibliographies and indexes. | ||
| 650 |
_aEmbryology. _9205585 |
||
| 650 |
_aDevelopmental genetics. _9205586 |
||
| 650 |
_aHeredity. _9205587 |
||
| 700 |
_aMittwoch, Ursula _9205588 |
||
| 942 |
_2ddc _cBK |
||
| 999 |
_c69397 _d69397 |
||